Albert Einstein Quotes Quiz - Statistics

General Stats
  • This quiz has been taken 580 times
    579 since last reset
  • The average score is 4 of 7
Answer Stats
Quote Answer % Correct
Not everything that can be counted counts, and not everything that counts can be _______. counted
95%
Everything should be made as ______ as possible, but not simpler. simple
84%
A person who never made a _______ never tried anything new. mistake
81%
Gravitation is not responsible for people falling in ____. love
79%
___ does not play dice. God
63%
Strive not to be a _______, but rather to be of value. success
13%
Anger dwells only in the bosom of _____. fools
10%
No matching quizzes found
Score Distribution
Percent of People with Each Score
Percentile by Number Answered
Your Score History
You have not taken this quiz since the last reset